[Event "Open Riviera del Corallo A"]
[Site "Alghero ITA"]
[Date "2004.04.??"]
[Round "3"]
[White "Buchicchio, Giampaolo"]
[Black "Ortega, Lexy"]
[Result "1-0"]
[WhiteElo "2283"]
[BlackElo "2419"]
[PlyCount "41"]
[EventDate "2004.04.09"]

1. e4 c5 2. c3 d5 3. exd5 Qxd5 4. d4 Nf6 5. Nf3 Bg4 6. dxc5 Qxc5 7. h3 Bh5 8.
Be3 Qc8 9. Qa4+ Nbd7 10. Ne5 a6 11. g4 Bg6 12. Bg2 e6 13. Nxd7 Nxd7 14. Na3 b5
15. Nxb5 Rb8 16. Na3 Rxb2 17. O-O Bd3 18. Rfd1 Bb5 19. Nxb5 axb5 20. Qe4 Bc5
21. Qc6 1-0

[Event "Open Riviera del Corallo A"]
[Site "Alghero ITA"]
[Date "2004.04.??"]
[Round "5"]
[White "Del Rio Angelis, Salvador Gabriel"]
[Black "Miladinovic, Igor"]
[Result "1/2-1/2"]
[WhiteElo "2506"]
[BlackElo "2614"]
[PlyCount "67"]
[EventDate "2004.04.09"]

1. e4 c5 2. Nf3 Nc6 3. d4 cxd4 4. Nxd4 Qc7 5. Nc3 e6 6. Be2 a6 7. O-O Nf6 8.
Be3 Bb4 9. Na4 Be7 10. c4 Nxe4 11. c5 O-O 12. Rc1 Rb8 13. g3 Kh8 14. Bf3 Ng5
15. Bg2 f5 16. Nb6 Bf6 17. Re1 Ne7 18. Nc4 Nd5 19. Bxd5 exd5 20. Bxg5 Bxg5 21.
Nd6 Bxc1 22. Qxc1 Qd8 23. Re8 Qf6 24. Qe3 h6 25. N4xf5 b6 26. Rxf8+ Qxf8 27.
Ne7 Qf6 28. Nxd5 Qxb2 29. Qe8+ Kh7 30. Qe4+ Kh8 31. Nf4 Bb7 32. Nxb7 bxc5 33.
Ng6+ Kg8 34. Ne7+ 1/2-1/2

[Event "I Open"]
[Site "Valeggio ITA"]
[Date "2004.03.26"]
[Round "1"]
[White "Boni, Gianni"]
[Black "Bertani, Gianfranco"]
[Result "0-1"]
[WhiteElo "1497"]
[BlackElo "2123"]
[PlyCount "82"]
[EventDate "2004.03.26"]

1. d4 f5 2. Nf3 Nf6 3. Bg5 g6 4. e3 Bg7 5. Nbd2 O-O 6. c3 b6 7. Qb3+ e6 8. Bd3
Bb7 9. O-O-O Qe8 10. Rhg1 Ne4 11. Bxe4 fxe4 12. Ne5 d6 13. Ng4 h5 14. Rdf1 hxg4
15. Qd1 Nd7 16. Qxg4 d5 17. f4 c5 18. Nb3 a5 19. a3 a4 20. Na1 Ba6 21. Rf2 cxd4
22. exd4 Rc8 23. Nc2 Bd3 24. g3 Bxc2 25. Kxc2 Bxd4 26. Rfg2 Bxg1 27. Rxg1 Qf7
28. Bh6 Rfe8 29. h4 Qf5 30. Qxf5 exf5 31. g4 fxg4 32. Rxg4 Kh7 33. Bg5 e3 34.
Kd1 e2+ 35. Ke1 Nc5 36. Rg3 Ne4 37. Rh3 d4 38. h5 Nxg5 39. hxg6+ Kxg6 40. fxg5
dxc3 41. bxc3 Rcd8 0-1

[Event "I Open"]
[Site "Valeggio ITA"]
[Date "2004.03.26"]
[Round "1"]
[White "Cocchi, Andrea"]
[Black "Khachab, Ibrahim"]
[Result "0-1"]
[WhiteElo "2297"]
[BlackElo "1612"]
[PlyCount "100"]
[EventDate "2004.03.26"]

1. Nf3 Nf6 2. c4 g6 3. Nc3 Bg7 4. g3 O-O 5. Bg2 d6 6. O-O e5 7. d3 h6 8. Rb1 a5
9. a3 Na6 10. b4 axb4 11. axb4 Re8 12. Qc2 c6 13. e4 Nc7 14. Re1 Bg4 15. h3
Bxf3 16. Bxf3 Ne6 17. Ne2 Qd7 18. Bg2 Nh7 19. Be3 Ra3 20. Ra1 Rea8 21. Rxa3
Rxa3 22. Rd1 Qc8 23. Qc1 Qa8 24. Bxh6 Qa4 25. Bxg7 Kxg7 26. f4 Qa7+ 27. Kh2
exf4 28. gxf4 Ra2 29. Qc3+ Nf6 30. Nc1 Rf2 31. d4 Nxf4 32. Rg1 Nxe4 33. Qe3 d5
34. Kh1 Rxg2 35. Qxf4 Rxg1+ 36. Kxg1 Qxd4+ 37. Kg2 Qb2+ 38. Kg1 Qxb4 39. cxd5
cxd5 40. Qe3 Qd2 41. Qxd2 Nxd2 42. Kf2 Nc4 43. Na2 Kf6 44. Kf3 Ke5 45. Kg4 f6
46. Nb4 Ke4 47. Kg3 d4 48. Kf2 d3 49. Na2 Kd4 50. h4 Ne5 0-1

[Event "I Open"]
[Site "Valeggio ITA"]
[Date "2004.03.26"]
[Round "1"]
[White "Luciani, Valerio"]
[Black "Bartiromo, Gerardo"]
[Result "1-0"]
[WhiteElo "2202"]
[BlackElo "1600"]
[PlyCount "47"]
[EventDate "2004.03.26"]

1. d4 Nf6 2. c4 d5 3. cxd5 Qxd5 4. Nc3 Qa5 5. Nf3 Bf5 6. Ne5 e6 7. f3 Bb4 8.
Bd2 c6 9. e4 Bg6 10. a3 Bd6 11. Nc4 Qd8 12. e5 Bxa3 13. bxa3 Nd5 14. Nd6+ Kd7
15. g3 Qb6 16. Nxd5 cxd5 17. Be3 Nc6 18. Bd3 Nxe5 19. Bxg6 hxg6 20. dxe5 Qxe3+
21. Qe2 Qc3+ 22. Kf2 Rxh2+ 23. Rxh2 Qxa1 24. Qb5+ 1-0

[Event "I Open"]
[Site "Valeggio ITA"]
[Date "2004.03.26"]
[Round "1"]
[White "Trussardi, Giuseppe"]
[Black "De Santis, Alessio"]
[Result "1/2-1/2"]
[WhiteElo "1605"]
[BlackElo "2283"]
[PlyCount "44"]
[EventDate "2004.03.26"]

1. c4 f5 2. g3 Nf6 3. Bg2 g6 4. Nc3 Bg7 5. Nf3 d6 6. O-O O-O 7. d3 e5 8. Rb1 a5
9. Qc2 Nc6 10. a3 h6 11. b4 axb4 12. axb4 g5 13. e3 f4 14. b5 Ne7 15. h3 Qe8
16. g4 Qg6 17. Nh2 h5 18. f3 h4 19. Bd2 Be6 20. Ra1 Nd7 21. e4 c6 22. Rfc1 Nc5
1/2-1/2

[Event "I Open"]
[Site "Valeggio ITA"]
[Date "2004.03.27"]
[Round "2"]
[White "Bertani, Gianfranco"]
[Black "Mondello, Fernando"]
[Result "1-0"]
[WhiteElo "2123"]
[BlackElo "1746"]
[PlyCount "57"]
[EventDate "2004.03.26"]

1. Nf3 Nf6 2. b3 g6 3. Bb2 Bg7 4. c4 b6 5. Nc3 Bb7 6. d4 d5 7. e3 O-O 8. Bd3
Nbd7 9. Qe2 dxc4 10. bxc4 c5 11. d5 e6 12. Rd1 exd5 13. cxd5 Nxd5 14. Ne4 Qc7
15. Bxg7 Kxg7 16. Bc4 N5f6 17. Nd6 Bxf3 18. Qxf3 Ne5 19. Qg3 Nfd7 20. Bb5 f6
21. Nf5+ Kh8 22. Rxd7 Qc8 23. Rxh7+ Kxh7 24. Qh3+ Kg8 25. Ne7+ Kg7 26. Nxc8
Raxc8 27. O-O c4 28. f4 Nd3 29. Bxc4 1-0

[Event "I Open"]
[Site "Valeggio ITA"]
[Date "2004.03.27"]
[Round "2"]
[White "Caldelari, Andrea"]
[Black "Perryman, Marcus"]
[Result "1/2-1/2"]
[WhiteElo "2081"]
[BlackElo "1693"]
[PlyCount "45"]
[EventDate "2004.03.26"]

1. e4 c5 2. d4 cxd4 3. c3 dxc3 4. Nxc3 d6 5. Bc4 e6 6. Nf3 Nc6 7. O-O Nf6 8.
Qe2 a6 9. Rd1 Qc7 10. Bg5 Be7 11. Rac1 Qb8 12. Bb3 Bd7 13. Bc2 b5 14. Qd2 Ra7
15. Bxf6 gxf6 16. Qh6 Ne5 17. Nxe5 fxe5 18. Qg7 Rf8 19. Qxh7 Bf6 20. Qh5 b4 21.
Ne2 Rh8 22. Qg4 Ke7 23. Bb1 1/2-1/2

[Event "I Open"]
[Site "Valeggio ITA"]
[Date "2004.03.27"]
[Round "2"]
[White "Garonzi, Martino"]
[Black "Luciani, Valerio"]
[Result "0-1"]
[WhiteElo "1750"]
[BlackElo "2202"]
[PlyCount "116"]
[EventDate "2004.03.26"]

1. e4 c5 2. Nf3 Nc6 3. d4 cxd4 4. Nxd4 Nf6 5. Nc3 e5 6. Ndb5 d6 7. Bg5 a6 8.
Na3 b5 9. Nd5 Be7 10. Nxe7 Qxe7 11. c3 O-O 12. Nc2 h6 13. Bxf6 Qxf6 14. Ne3 Ne7
15. Be2 Rd8 16. O-O Bb7 17. Bf3 Rd7 18. Qb3 Qf4 19. a4 Bc6 20. axb5 Bxb5 21.
Nd5 Nxd5 22. Qxd5 Rc8 23. Rfd1 Bc4 24. Qd2 Qxd2 25. Rxd2 Rc6 26. Be2 Bxe2 27.
Rxe2 Rb7 28. Kf1 Kf8 29. Rd2 Ke7 30. Ra5 Rb3 31. Ke2 Rcb6 32. Ke3 Ke6 33. Ra2
f5 34. f3 f4+ 35. Kd3 g5 36. Kc2 h5 37. Rd5 g4 38. Rda5 gxf3 39. gxf3 Kf6 40.
Rxa6 Rxb2+ 41. Rxb2 Rxa6 42. Kd3 Ra1 43. Rf2 Re1 44. Kc4 Ke6 45. Kb5 Kd7 46.
Kc4 Kc6 47. Kb4 Rg1 48. Kc4 Ra1 49. Kb4 h4 50. Kc4 h3 51. Kb4 Rg1 52. Ra2 Rf1
53. Ra6+ Kd7 54. Ra7+ Ke6 55. Rh7 Rxf3 56. Rh6+ Kd7 57. Rh7+ Kc6 58. Kc4 Re3
0-1

[Event "V C.to Europeo femminile"]
[Site "Dresda GER"]
[Date "2004.03.21"]
[Round "1"]
[White "Sedina, Elena"]
[Black "Karahaliou, Elia"]
[Result "1-0"]
[WhiteElo "2393"]
[BlackElo "2132"]
[PlyCount "151"]
[EventDate "2004.03.21"]

1. e4 c5 2. Nf3 Nc6 3. Bb5 e6 4. O-O Nge7 5. c3 a6 6. Be2 d5 7. exd5 Nxd5 8. d4
cxd4 9. Nxd4 Bd7 10. Bf3 Nxd4 11. Qxd4 Bc6 12. Nd2 Ne7 13. Qg4 Qd3 14. Re1 Qg6
15. Nc4 Qxg4 16. Bxg4 Rd8 17. Ne5 h5 18. Nxc6 Nxc6 19. Bf3 Bd6 20. Be3 Ke7 21.
b4 Rd7 22. a4 Ne5 23. Be2 Ng4 24. Bd4 Bxh2+ 25. Kf1 Be5 26. Bxe5 Nxe5 27. Bxa6
Nf3 28. gxf3 bxa6 29. c4 Rd3 30. Re5 Rd2 31. b5 Rc2 32. Re4 Rd8 33. Re2 Rxc4
34. Rb2 axb5 35. axb5 Rb8 36. Ra7+ Kd6 37. Rxf7 Rc5 38. b6 Rc6 39. b7 g5 40.
Rg7 g4 41. fxg4 hxg4 42. Rxg4 Ra6 43. Rg7 Ra5 44. Kg2 Kc6 45. Rc2+ Kd6 46. Rcc7
Ke5 47. Kg3 Ra3+ 48. f3 Ra7 49. Rgf7 Rg8+ 50. Rg7 Rb8 51. f4+ Kf5 52. Rgf7+ Ke4
53. Rce7 Rg8+ 54. Rg7 Rxg7+ 55. Rxg7 Ra3+ 56. Kg4 Rb3 57. Kg5 Rb5+ 58. Kg4 Rb2
59. Re7 Kd5 60. Kg5 Rb6 61. Rd7+ Ke4 62. Rd6 Rxb7 63. Rxe6+ Kd5 64. f5 Rb1 65.
Re2 Kd6 66. Kf6 Kd7 67. Kf7 Rb8 68. Rd2+ Kc6 69. f6 Rb3 70. Ke7 Re3+ 71. Kf8
Rf3 72. f7 Rf1 73. Rg2 Kd6 74. Kg8 Ke7 75. Re2+ Kd7 76. f8=Q 1-0

[Event "V C.to Europeo femminile"]
[Site "Dresda GER"]
[Date "2004.03.22"]
[Round "2"]
[White "Bensdorp, Marlies"]
[Black "Sedina, Elena"]
[Result "0-1"]
[WhiteElo "2161"]
[BlackElo "2393"]
[PlyCount "146"]
[EventDate "2004.03.21"]

1. d4 Nf6 2. c4 c6 3. Nf3 d5 4. Nc3 dxc4 5. a4 Bf5 6. e3 e6 7. Bxc4 Bb4 8. O-O
Nbd7 9. Qe2 Bg6 10. e4 O-O 11. Bd3 h6 12. Rd1 a6 13. Bd2 Qe7 14. e5 Nd5 15.
Nxd5 cxd5 16. Ne1 Bxd2 17. Qxd2 Rac8 18. Rac1 Nb6 19. b3 Qa3 20. Bxg6 fxg6 21.
Qe3 g5 22. Ra1 Qe7 23. Rdc1 Qb4 24. g3 Nd7 25. h3 Nb8 26. Nc2 Qb6 27. Rab1 Nc6
28. Kg2 Ne7 29. Qd2 Nf5 30. Rd1 Rc7 31. Ne3 Nxe3+ 32. fxe3 Rfc8 33. Rdc1 Rc6
34. Rxc6 Qxc6 35. Rb2 b5 36. axb5 axb5 37. g4 Qc3 38. Qf2 Qd3 39. b4 Rc3 40.
Ra2 Qe4+ 41. Qf3 Rxe3 42. Ra8+ Kh7 43. Qxe4+ Rxe4 44. Rb8 Rxd4 45. Rxb5 Re4 46.
Rb8 Rxe5 47. b5 d4 48. b6 Re2+ 49. Kf3 Re3+ 50. Kf2 Rxh3 51. Re8 Rb3 52. Rxe6
Rb2+ 53. Ke1 d3 54. Kd1 d2 55. Rd6 Kg8 56. Rc6 Kf7 57. Rc7+ Kf6 58. b7 g6 59.
Rh7 Ke5 60. Rxh6 Rxb7 61. Rxg6 Kf4 62. Kxd2 Re7 63. Rg8 Kxg4 64. Rf8 Kg3 65.
Rg8 g4 66. Kd3 Kf3 67. Rf8+ Kg2 68. Rg8 g3 69. Kd2 Kf2 70. Rf8+ Kg1 71. Rg8 g2
72. Rg6 Rh7 73. Ke2 Kh1 0-1

[Event "V C.to Europeo femminile"]
[Site "Dresda GER"]
[Date "2004.03.25"]
[Round "5"]
[White "Sedina, Elena"]
[Black "Sudakova, Irina"]
[Result "1-0"]
[WhiteElo "2393"]
[BlackElo "2310"]
[PlyCount "105"]
[EventDate "2004.03.21"]

1. e4 e5 2. Nf3 Nf6 3. Nc3 Nc6 4. g3 Bc5 5. Bg2 O-O 6. O-O Re8 7. d3 Nd4 8. Na4
Bf8 9. c4 c6 10. Nc3 d6 11. h3 b5 12. b3 Qa5 13. Nxd4 Qxc3 14. Nc2 Qa5 15. Bb2
Bb7 16. cxb5 cxb5 17. f4 Rad8 18. Kh2 Nd7 19. Ne3 Nc5 20. h4 Qb6 21. Nd5 Bxd5
22. exd5 exf4 23. Rxf4 Re7 24. Bd4 Qa6 25. b4 Nd7 26. a4 Rde8 27. axb5 Qxb5 28.
Rxa7 Re2 29. Rf2 Rxf2 30. Bxf2 Nf6 31. Bd4 Qxb4 32. Bxf6 gxf6 33. Be4 f5 34.
Qh5 Qb2+ 35. Kh3 Qg7 36. Bxf5 Re3 37. Bxh7+ Kh8 38. Bg6+ Qh6 39. Qxh6+ Bxh6 40.
Rxf7 Bg7 41. Be4 Be5 42. Rf3 Rxf3 43. Bxf3 Kg7 44. g4 Kf6 45. Be4 Bf4 46. g5+
Kg7 47. Kg4 Bd2 48. h5 Kf7 49. h6 Ke7 50. Kh5 Kf7 51. Bf5 Kg8 52. g6 Bc3 53. g7
1-0

[Event "V C.to Europeo femminile"]
[Site "Dresda GER"]
[Date "2004.03.27"]
[Round "7"]
[White "Sedina, Elena"]
[Black "Bashkite, Viktoria"]
[Result "1-0"]
[WhiteElo "2393"]
[BlackElo "2119"]
[PlyCount "46"]
[EventDate "2004.03.21"]

1. e4 e6 2. d4 d5 3. Nd2 dxe4 4. Nxe4 Nd7 5. Nf3 Be7 6. c3 Ngf6 7. Nxf6+ Bxf6
8. Bd3 e5 9. O-O exd4 10. Re1+ Be7 11. Bg5 f6 12. Nxd4 Nb6 13. Bxf6 gxf6 14.
Qh5+ Kf8 15. Qh6+ Kf7 16. Nf5 Bxf5 17. Bxf5 Qd6 18. Rad1 Qc5 19. Qh5+ Kf8 20.
b4 Qb5 21. Qh6+ Kf7 22. Rxe7+ Kxe7 23. Qg7+ Ke8 1-0

[Event "V C.to Europeo femminile"]
[Site "Dresda GER"]
[Date "2004.03.28"]
[Round "8"]
[White "Dzagnidze, Nana"]
[Black "Sedina, Elena"]
[Result "1/2-1/2"]
[WhiteElo "2457"]
[BlackElo "2393"]
[PlyCount "71"]
[EventDate "2004.03.21"]

1. Nf3 d5 2. c4 c6 3. b3 Nf6 4. Bb2 Bg4 5. e3 Nbd7 6. cxd5 cxd5 7. Be2 e6 8.
Nc3 a6 9. O-O Bd6 10. Nd4 Bxe2 11. Qxe2 Qe7 12. a3 O-O 13. d3 Rac8 14. b4 Be5
15. Rac1 Bxd4 16. exd4 Rc6 17. Na4 Rfc8 18. Nc5 Nb8 19. Qd2 h6 20. a4 b6 21. b5
axb5 22. axb5 R6c7 23. Na4 Nbd7 24. h3 Qd6 25. Rxc7 Rxc7 26. Rc1 Rxc1+ 27. Bxc1
Qc7 28. Ba3 Ne8 29. Qb4 Qc2 30. Nxb6 Nxb6 31. Qf8+ Kh7 32. Qxe8 Qxd3 33. Bc5
Na4 34. Kh2 Qf5 35. Qb8 e5 36. b6 1/2-1/2

[Event "V C.to Europeo femminile"]
[Site "Dresda GER"]
[Date "2004.03.31"]
[Round "10"]
[White "Kosintseva, Nadezhda"]
[Black "Sedina, Elena"]
[Result "0-1"]
[WhiteElo "2425"]
[BlackElo "2393"]
[PlyCount "120"]
[EventDate "2004.03.21"]

1. e4 e6 2. d4 d5 3. Nc3 Bb4 4. e5 Ne7 5. a3 Bxc3+ 6. bxc3 c5 7. a4 Qc7 8. Nf3
h6 9. Bd3 b6 10. a5 Ba6 11. O-O O-O 12. Ba3 Bxd3 13. cxd3 Nd7 14. Qe2 Rfc8 15.
Rfc1 Nc6 16. a6 cxd4 17. cxd4 Qd8 18. Rc2 Na5 19. Bb4 Rxc2 20. Qxc2 Rc8 21. Qa4
Nb8 22. Qb5 Qc7 23. Bxa5 bxa5 24. h4 Qb6 25. Qxa5 Rc1+ 26. Kh2 Rxa1 27. Qxa1
Qxa6 28. Qc3 Nc6 29. Qc5 Qb7 30. Ne1 Qb6 31. Nc2 Qxc5 32. dxc5 Nxe5 33. d4 Nc6
34. f4 a5 35. Kg3 f6 36. Kf3 Kf7 37. Ke3 Ke7 38. Na3 e5 39. fxe5 fxe5 40. dxe5
Ke6 41. Kf4 Nxe5 42. Nb5 Nd3+ 43. Ke3 Nxc5 44. Kd4 Nb3+ 45. Kc3 a4 46. Kb4 Ke5
47. Kxa4 Nd4 48. Nc7 Nf5 49. h5 d4 50. Kb3 Ke4 51. Kc2 Ne3+ 52. Kd2 Nc4+ 53.
Kd1 d3 54. g3 Ne3+ 55. Ke1 Nd5 56. Nb5 Ke3 57. Kd1 d2 58. Kc2 Nb4+ 59. Kd1 Nd3
60. Kc2 Nf2 0-1

[Event "V C.to Europeo femminile"]
[Site "Dresda GER"]
[Date "2004.04.01"]
[Round "11"]
[White "Sedina, Elena"]
[Black "Peptan, Corina-Isabela"]
[Result "1/2-1/2"]
[WhiteElo "2393"]
[BlackElo "2439"]
[PlyCount "86"]
[EventDate "2004.03.21"]

1. e4 c5 2. Nf3 e6 3. c3 d5 4. exd5 Qxd5 5. d4 Nf6 6. Be2 Nc6 7. O-O cxd4 8.
cxd4 Be7 9. Nc3 Qd6 10. Nb5 Qd8 11. Bf4 Nd5 12. Bg3 a6 13. Nc3 O-O 14. Rc1 Nxc3
15. bxc3 Bf6 16. Bd3 b6 17. Be4 Bb7 18. c4 Qd7 19. Qa4 b5 20. Qc2 Nxd4 21.
Bxh7+ Kh8 22. Nxd4 Qxd4 23. Bd3 bxc4 24. Qxc4 Rfd8 25. Rfd1 Rac8 26. Qxd4 Bxd4
27. Rxc8 Bxc8 28. Kf1 e5 29. Bc4 f6 30. f3 Rd6 31. Bf2 Rc6 32. Bb3 Bxf2 33.
Kxf2 Bf5 34. g4 Be6 35. Bxe6 Rxe6 36. Rd8+ Kh7 37. Ra8 Rc6 38. a4 g5 39. Ra7+
Kg6 40. Kg3 Rc3 41. Kg2 Rc2+ 42. Kg3 Rc3 43. Kg2 Rc2+ 1/2-1/2

[Event "V C.to Europeo femminile"]
[Site "Dresda GER"]
[Date "2004.04.02"]
[Round "12"]
[White "Cramling, Pia"]
[Black "Sedina, Elena"]
[Result "1-0"]
[WhiteElo "2488"]
[BlackElo "2393"]
[PlyCount "73"]
[EventDate "2004.03.21"]

1. d4 Nf6 2. Nf3 d5 3. c4 c6 4. Nc3 a6 5. Ne5 Nbd7 6. Bf4 dxc4 7. Nxc4 b5 8.
Ne5 Bb7 9. e3 e6 10. Be2 Nd5 11. Nxd5 cxd5 12. O-O Be7 13. a4 b4 14. a5 Nxe5
15. Bxe5 O-O 16. Qa4 Bd6 17. Rfc1 Bxe5 18. dxe5 Qe7 19. Qd1 f6 20. Qd4 Rac8 21.
Qa7 fxe5 22. Rxc8 Rxc8 23. Bxa6 Rc7 24. Qb8+ Kf7 25. Bxb7 Rxb7 26. Qxe5 Ra7 27.
Qf4+ Kg6 28. h4 Qf6 29. Qxb4 h6 30. Qb6 Rf7 31. Rf1 Kh7 32. h5 Qf5 33. a6 Qxh5
34. a7 Rf6 35. a8=Q Rg6 36. g3 Qe5 37. Qab8 1-0

[Event "X Weekend A"]
[Site "Ivrea ITA"]
[Date "2004.03.12"]
[Round "1"]
[White "Catana, Costel"]
[Black "Ranieri, Fabrizio"]
[Result "0-1"]
[WhiteElo "1897"]
[BlackElo "2192"]
[PlyCount "60"]
[EventDate "2004.03.12"]

1. e4 e6 2. d4 d5 3. Nd2 Nf6 4. Bd3 c5 5. exd5 exd5 6. dxc5 Bxc5 7. Qe2+ Be6 8.
Nb3 Bb6 9. Be3 O-O 10. O-O-O Re8 11. f3 Nc6 12. Qd2 Bxe3 13. Qxe3 d4 14. Qg5
Bxb3 15. axb3 Re5 16. Qd2 Qb6 17. Ne2 a5 18. f4 Ree8 19. Bc4 Ne4 20. Qe1 a4 21.
b4 a3 22. b3 Nc3 23. Qf2 Nxd1 24. Rxd1 a2 25. Kb2 Qxb4 26. Qe1 Qxe1 27. Rxe1 d3
28. Bxd3 Nb4 29. Ka1 Nxd3 30. cxd3 Re3 0-1

[Event "X Weekend A"]
[Site "Ivrea ITA"]
[Date "2004.03.13"]
[Round "2"]
[White "Ranieri, Fabrizio"]
[Black "Sorcinelli, Francesco"]
[Result "1-0"]
[WhiteElo "2192"]
[BlackElo "2065"]
[PlyCount "55"]
[EventDate "2004.03.12"]

1. e4 c5 2. Nf3 Nc6 3. d4 cxd4 4. Nxd4 Nf6 5. Nc3 e5 6. Ndb5 d6 7. Bg5 a6 8.
Na3 b5 9. Bxf6 gxf6 10. Nd5 Bg7 11. c3 f5 12. Bd3 O-O 13. exf5 e4 14. Bxe4 Re8
15. Qg4 Ne5 16. Qh3 b4 17. Nc2 bxc3 18. bxc3 Ng6 19. f3 Rb8 20. O-O Rb2 21.
Rfb1 Rxe4 22. Rxb2 Rh4 23. Qg3 Bxf5 24. Nce3 Be6 25. Rab1 Be5 26. Rb8 Qxb8 27.
Rxb8+ Kg7 28. f4 1-0

[Event "X Weekend A"]
[Site "Ivrea ITA"]
[Date "2004.03.13"]
[Round "3"]
[White "Pace, Pietro Dario"]
[Black "Ranieri, Fabrizio"]
[Result "0-1"]
[WhiteElo "2127"]
[BlackElo "2192"]
[PlyCount "56"]
[EventDate "2004.03.12"]

1. e4 e6 2. d4 d5 3. Nc3 Nf6 4. e5 Nfd7 5. f4 c5 6. Nf3 Nc6 7. Be3 cxd4 8. Nxd4
Qb6 9. Qd2 Qxb2 10. Rb1 Qa3 11. Nb3 Bb4 12. Be2 Nb6 13. Qd3 d4 14. Bxd4 Nxd4
15. Qxd4 Nd5 16. Bb5+ Kf8 17. O-O Bxc3 18. Qe4 Qb4 19. Qe2 g6 20. Kh1 Kg7 21.
Rbd1 a6 22. Bd3 Bd7 23. Be4 Bb5 24. Bd3 Rhd8 25. f5 exf5 26. e6 Nf4 27. Qe3
Nxe6 28. Bxb5 axb5 0-1

[Event "VII Weekend Primavera"]
[Site "Genova ITA"]
[Date "2004.03.12"]
[Round "1"]
[White "Falcone, Giancarlo"]
[Black "Carosso, Andrea"]
[Result "0-1"]
[WhiteElo "1594"]
[BlackElo "2073"]
[PlyCount "124"]
[EventDate "2004.03.12"]

1. d4 d5 2. Nf3 Nf6 3. c4 c6 4. Nc3 e6 5. Bf4 Bd6 6. Bxd6 Qxd6 7. e3 Nbd7 8.
Be2 O-O 9. O-O e5 10. dxe5 Nxe5 11. cxd5 cxd5 12. e4 Nxf3+ 13. Bxf3 d4 14. Nd5
Nxd5 15. exd5 Qb4 16. Qb3 Qxb3 17. axb3 Bf5 18. Rfd1 d3 19. Ra4 Rfe8 20. h4 h6
21. Rd4 Rad8 22. Kf1 Rd6 23. Re1 Kf8 24. Rxe8+ Kxe8 25. Ke1 Rb6 26. Be4 Bxe4
27. Rxe4+ Kd7 28. b4 Kd6 29. Kd2 Rb5 30. Kxd3 Rxd5+ 31. Rd4 h5 32. b3 Ke5 33.
f4+ Kd6 34. Kc4 b5+ 35. Kd3 g6 36. Ke4 Rxd4+ 37. Kxd4 a6 38. Ke4 Ke6 39. Kd4
Kf5 40. Kc5 Kxf4 41. Kb6 Kg3 42. Kxa6 Kxg2 43. Kxb5 f5 44. Kc6 f4 45. b5 f3 46.
b6 f2 47. b7 f1=Q 48. b8=Q Qf3+ 49. Kc5 Qf2+ 50. Kc6 Qxh4 51. b4 Qe4+ 52. Kc5
h4 53. Qh8 h3 54. Qb2+ Kg3 55. Qc3+ Kg4 56. Qd2 Qf5+ 57. Kc6 Qf4 58. Qd7+ Kg3
59. Qg7 g5 60. Qa1 h2 61. b5 Qf3+ 62. Kc7 h1=Q 0-1

[Event "VII Weekend Primavera"]
[Site "Genova ITA"]
[Date "2004.03.12"]
[Round "1"]
[White "Valentini, Cesare"]
[Black "De Florio, Federico"]
[Result "0-1"]
[WhiteElo "1600"]
[BlackElo "1846"]
[PlyCount "74"]
[EventDate "2004.03.12"]

1. Nf3 Nf6 2. g3 c6 3. Bg2 d5 4. d4 Bf5 5. O-O Nbd7 6. Bg5 e6 7. Nh4 Bg4 8. f3
Bh5 9. g4 Bg6 10. Nxg6 hxg6 11. Bf4 Qb6 12. b3 e5 13. Be3 Bd6 14. f4 Nxg4 15.
Rf3 e4 16. Rg3 Nxe3 17. Rxe3 Bxf4 18. Rh3 Rxh3 19. Bxh3 Be3+ 20. Kh1 Qxd4 21.
Na3 Qxd1+ 22. Rxd1 Ne5 23. c3 g5 24. Nc2 Bb6 25. Nd4 g4 26. Bg2 Bxd4 27. cxd4
Ng6 28. Rg1 f5 29. Rf1 f4 30. Kg1 Ke7 31. Rc1 f3 32. exf3 gxf3 33. Bh1 Nf4 34.
Re1 Ne2+ 35. Kf2 Nxd4 36. Rd1 Nf5 37. Re1 Kf6 0-1

[Event "VII Weekend Primavera"]
[Site "Genova ITA"]
[Date "2004.03.13"]
[Round "2"]
[White "Atteo, Domenico"]
[Black "Manfredi, Vincenzo"]
[Result "0-1"]
[WhiteElo "1699"]
[BlackElo "1909"]
[PlyCount "84"]
[EventDate "2004.03.12"]

1. e4 c5 2. Nf3 Nc6 3. d4 cxd4 4. Nxd4 Qc7 5. Nc3 e6 6. Be3 a6 7. Be2 b5 8.
Nxc6 Qxc6 9. e5 Bb7 10. Bf3 Qc7 11. a3 Rd8 12. Bxb7 Qxb7 13. O-O d6 14. exd6
Bxd6 15. Qg4 Nf6 16. Qf3 Qxf3 17. gxf3 Be5 18. Bb6 Rd2 19. Rad1 Bxc3 20. bxc3
Rxd1 21. Rxd1 Nd5 22. Ba5 Kd7 23. Rd4 Rc8 24. Kf1 Rc4 25. Ke2 Rxd4 26. cxd4 Kc6
27. Kd3 Nb6 28. Bxb6 Kxb6 29. f4 Kc6 30. Ke4 Kd6 31. f5 a5 32. c3 h6 33. h4 g6
34. fxg6 fxg6 35. f4 h5 36. Ke3 Kd5 37. Kd3 a4 38. Ke3 Kc4 39. Kd2 Kb3 40. Kd3
Kxa3 41. Kc2 b4 42. c4 Ka2 0-1

[Event "VII Weekend Primavera"]
[Site "Genova ITA"]
[Date "2004.03.13"]
[Round "2"]
[White "Banchio, Davide"]
[Black "Badano, Fabio"]
[Result "1-0"]
[WhiteElo "1747"]
[BlackElo "1573"]
[PlyCount "37"]
[EventDate "2004.03.12"]

1. e4 e6 2. d4 d5 3. e5 c5 4. Qg4 Nc6 5. Nf3 Qb6 6. a3 cxd4 7. Bd3 Nge7 8. O-O
a5 9. Re1 Ng6 10. Qg3 Be7 11. h4 Bd7 12. h5 Ngxe5 13. Nxe5 Nxe5 14. Qxe5 O-O-O
15. Bf4 Bc6 16. Qxg7 Rhg8 17. Qxf7 Rdf8 18. Qxe7 Bd7 19. Qd6 1-0

[Event "VII Weekend Primavera"]
[Site "Genova ITA"]
[Date "2004.03.13"]
[Round "2"]
[White "Gandolfi, Gianfranco"]
[Black "Del Noce, Roberto"]
[Result "1/2-1/2"]
[WhiteElo "1996"]
[BlackElo "1684"]
[PlyCount "100"]
[EventDate "2004.03.12"]

1. e4 c5 2. Nf3 e6 3. d4 cxd4 4. Nxd4 Nf6 5. Nc3 a6 6. Bg5 d6 7. f4 Be7 8. Qf3
Qc7 9. O-O-O Nc6 10. Nxc6 Qxc6 11. Be2 Qc7 12. Qg3 O-O 13. e5 Ne8 14. Bd3 Bxg5
15. Qxg5 f6 16. Qh4 f5 17. exd6 Nxd6 18. Rhe1 Rf6 19. g4 b5 20. gxf5 Nxf5 21.
Bxf5 Rxf5 22. Re5 Bb7 23. Rxf5 exf5 24. Re1 b4 25. Re7 Qd8 26. Qg5 Qf8 27. Rxb7
bxc3 28. bxc3 Re8 29. Kb2 g6 30. h4 Rb8 31. Rxb8 Qxb8+ 32. Kc1 Qd6 33. h5 Kg7
34. hxg6 hxg6 35. Qg3 a5 36. Qe3 Qa3+ 37. Kb1 Kh6 38. Qe5 Kh7 39. Qf6 Qc5 40.
Qd4 Qb5+ 41. Kc1 Qf1+ 42. Kb2 Qb5+ 43. Kc1 Qf1+ 44. Kd2 Qg2+ 45. Kd3 Qf1+ 46.
Ke3 Qg1+ 47. Kf3 Qg4+ 48. Kf2 Qh4+ 49. Ke2 Qg4+ 50. Ke1 Qg3+ 1/2-1/2

[Event "VII Weekend Primavera"]
[Site "Genova ITA"]
[Date "2004.03.13"]
[Round "2"]
[White "Lazzaris, Paolo"]
[Black "Scuderi, David"]
[Result "0-1"]
[WhiteElo "1500"]
[BlackElo "1831"]
[PlyCount "96"]
[EventDate "2004.03.12"]

1. d4 Nf6 2. c4 c5 3. d5 b5 4. cxb5 a6 5. bxa6 Bxa6 6. Nc3 d6 7. e4 Bxf1 8.
Kxf1 g6 9. g3 Bg7 10. Kg2 O-O 11. Qc2 Qb6 12. Nf3 Na6 13. a3 Rab8 14. Rb1 Nc7
15. Nd2 Nb5 16. Nxb5 Qxb5 17. Re1 Nd7 18. Nc4 Nb6 19. Nxb6 Rxb6 20. b3 Qa5 21.
Re2 Rfb8 22. a4 Qa6 23. Re3 Qb7 24. Bd2 Rc8 25. Qc4 Qa6 26. Qxa6 Rxa6 27. Bc3
Rb8 28. Bxg7 Kxg7 29. Ree1 Rab6 30. b4 cxb4 31. Rec1 Ra6 32. Ra1 Rba8 33. Rcb1
Rxa4 34. Rxa4 Rxa4 35. Rb3 Kf6 36. f4 e6 37. dxe6 Kxe6 38. Kh3 f6 39. Kg4 d5
40. f5+ Ke5 41. fxg6 hxg6 42. exd5 Kxd5 43. Rf3 b3+ 44. Kh3 b2 45. Rb3 Ra2 46.
Kg4 Kc4 47. Rb8 Ra4 48. Kf3 Rb4 0-1

[Event "VII Weekend Primavera"]
[Site "Genova ITA"]
[Date "2004.03.13"]
[Round "2"]
[White "Nastrelli, Roberto"]
[Black "Molina, Fabrizio"]
[Result "0-1"]
[WhiteElo "1779"]
[BlackElo "2243"]
[PlyCount "72"]
[EventDate "2004.03.12"]

1. e4 d6 2. d4 Nf6 3. Nc3 Nbd7 4. Nf3 e5 5. dxe5 dxe5 6. a3 c6 7. Bc4 Be7 8.
O-O Qc7 9. Qe2 h6 10. b4 b5 11. Bb3 Nf8 12. Rd1 Ng6 13. g3 O-O 14. Bb2 a5 15.
bxa5 Rxa5 16. a4 b4 17. Nb1 Ba6 18. Bc4 Ra8 19. Nbd2 Nd7 20. h4 Bf6 21. h5 Ngf8
22. c3 c5 23. Bb5 Nb6 24. cxb4 cxb4 25. Nb3 Bxb5 26. axb5 Rxa1 27. Rxa1 Rxa1+
28. Bxa1 Ne6 29. Ne1 Nd4 30. Nxd4 exd4 31. Qd2 Qc4 32. Nd3 Qxb5 33. Nxb4 Nc4
34. Qe1 Qxh5 35. Nd5 d3 36. Bxf6 d2 0-1